00718nam a2200241 a 4500001001300000003000900013005001700022008004100039020001000080082001500090100002600105245006600131260002400197300000900221500003500230505001700265650002200282700002600304902000800330942000700338952011600345999001500461nice12345678IN_TiNIC20260116012823.0050524s1988 gena grp 000 0 eng  ac10000a253.2bSIM aSimpfendorfer, Werner aNew Fisher Folkb How to Run Church-Related Conference Centre aGeneva bWCC c1988 a130p aincludes index and biblioraphy2 aBibliography aPastoral Theology1 aSimpfendorfer, Werner bSRS cBK 001040708StackRoom-aHMIbHMId2007-07-10g100.00l0o253.2 SIMp013041r2007-07-10v100.00w2005-05-24yBK c8512d8512